Statistics for Imagine Dragons-Believer Lyrics

Click here to take the quiz!

General Stats

  • This quiz has been taken 1,072 times
  • The average score is 13 of 46

Answer Stats

HintAnswer% Correct
_____ things _____First
94%
The way that ______ have been, oh oohThings
82%
______ things ______Second
70%
I'mma say all the _____ inside my ____Words, Head
68%
The master of my ___, oh oohSea
65%
I'm _____ up and _____ of the way that ______ have been, oh oohFired, Tired, Things
55%
____!Pain
55%
____!Pain
55%
____!Pain
55%
____!Pain
55%
Don't you tell what you _____ that I could__Think, Be
55%
I was ______ from a young ___Broken, Age
53%
I'm the one at the ____, I'm the master of my ___, oh oohSail, Sea
53%
Writing my _____ for the ___Poems, Few
41%
Seeing the _____ from the...Beauty
38%
Singing from _________ from the ____Heartache, Pain
35%
_____ things _____Third
28%
Taking my _______ to the ______Sulking, Masses
26%
That look at me, ____ to me, shook to me, _______ meTook, Feeling
26%
You ____ me a, you ____ me a ________, ________Make, Believer
24%
You ____ me a, you ____ me a ________, ________Make, Believer
24%
Oh let the _______ fly, oh let them ____Bullets, Rain
23%
____ things ____Last
22%
You _____ me down, you _____ me up, ________, ________Break, Build, Believer
21%
Your ______ up above, oh oohSpirit
21%
Taking my _______ from the _____Message, Veins
17%
Send a ______ to the ____ up abovePrayer, Ones
17%
Has turned your ______ to a ____, oh oohSpirit, Dove
15%
Falling like _____ to the ______Ashes, Ground
13%
Hoping my ________, they would ____Feelings, Drown
12%
By the _____ of the fire and the ______Grace, Flames
12%
It ______ down, like...Rained
11%
The _____ in my _____, oh oohBlood, Veins
10%
The _____ in my _____, oh oohBlood, Veins
10%
All the ____ that you've _____Hate, Heard
10%
Speaking my ______ from the _____Lesson, Brains
9%
My ____, my ____, my _____, it came from...Life, Love, Drive
9%
But they never did, ever lived, ______ and _______Ebbing, Flowing
8%
You're the ____ of the ______,Face, Future
8%
_________, _______Inhibited, Limited
7%
Building my ____ up in the _____Rain, Cloud
7%
I was _______ in the _____Choking, Crowd
6%
Till it broke ____ and ______ downOpen, Rained
5%
ChorusChorus
2%
ChorusChorus
2%
RepeatRepeat
2%

Score Distribution

Percentile by Number Answered

Percent of People with Each Score

Your Score History

You have not taken this quiz